Around the World on the London Underground - Statistics

General Stats
  • This quiz has been taken 18 times
  • The average score is 9 of 12
Answer Stats
Hint Station % Correct
DLR, island currently divided into one UN state and one mostly unrecognised republic Cyprus
100%
Jubilee and Windrush lines, second-largest country in the world Canada Water
93%
Piccadilly line, large city in Massachusetts Boston Manor
87%
Circle, Metropolitan and Hammersmith & City lines, largest city in Maine Great Portland Street
87%
Weaver line, nation at the crossroads of Europe and Asia Turkey Street
87%
DLR, Commonwealth country in Asia West India Quay / East India
80%
Elizabeth line, US state with the highest ratio of coastline to area Maryland
73%
Central line, European nation whose seat of government is not its official capital Holland Park
67%
District line, US state capital on the James River Richmond
67%
Elizabeth line, famous as the headquarters of the CIA Langley
60%
Trams, Middle Eastern republic with significant Muslim and Christian populations Lebanon Road
53%
Jubilee line, nation bordering one of two doubly-landlocked countries in the world Swiss Cottage
53%
No matching quizzes found
Score Distribution
Percent of People with Each Score
Percentile by Number Answered
Your Score History
You have not taken this quiz